Institutes of the Christian religion. (Record no. 22568)
[ view plain ]
| 000 -LEADER | |
|---|---|
| fixed length control field | 00371cam a22001451 4500 |
| 082 00 - DEWEY DECIMAL CLASSIFICATION NUMBER | |
| Classification number | 284.203 |
| Author Cutter | MCN |
| 100 1# - MAIN ENTRY--AUTHOR NAME | |
| Author name | Calvin, Jean, |
| 245 10 - TITLE STATEMENT | |
| Title | Institutes of the Christian religion. |
| 260 ## - PUBLICATION, DISTRIBUTION, ETC. (IMPRINT) | |
| Place of publication | Philadelphia, |
| Name of publisher | Westminster Press |
| Year of publication | [c1960] |
| 300 ## - PHYSICAL DESCRIPTION | |
| Number of Pages | 2 v. (lxxi, 1734 p.) |
| 650 #0 - SUBJECT ADDED ENTRY--TOPICAL TERM | |
| Topical Term | Reformed Church |
| 650 #0 - SUBJECT ADDED ENTRY--TOPICAL TERM | |
| Topical Term | Theology, Doctrinal. |
| 942 ## - ADDED ENTRY ELEMENTS (KOHA) | |
| Koha item type | Books |
| Home library | Current library | Shelving location | Date acquired | Full call number | Accession Number | Koha item type |
|---|---|---|---|---|---|---|
| Henry Martyn Institute Library | Henry Martyn Institute Library | General stacks | 11/28/2018 | 284.203 MCN | 11003984 | Books |
| Henry Martyn Institute Library | Henry Martyn Institute Library | General stacks | 11/28/2018 | 284.203 MCN | 11003983 | Books |
